000
00187nam a2200073Ia 4500
008
170523s9999 xx 000 0 und d
100
_a
Chattopadhyay- A.B.
245
0
_a
Machining and Machine Tools
260
_a
Wiley India
999
_c
12232
_d
12232